Roma: el fin del arte antiguo

Sparad:
Bibliografiska uppgifter
Huvudupphovsman: Bianchi Bandinelli, Ranuccio
Materialtyp: Bok
Språk:spanska
Publicerad: Madrid Aguilar 1971
Serie:El Universo de las formas
Ämnen:
Taggar: Lägg till en tagg
Inga taggar, Lägg till första taggen!

MARC

LEADER 00000nam a2200000 a 4500
001 UCY1888
003 CL-VaPUC
005 20240731093202.0
008 940927e19710000SP |||||||||||||||||spa|d
999 |c 230463  |d 230461 
040 |c Pontificia Universidad Católica de Valparaíso 
082 0 4 |a 709.014 BIA 1971  |2 21 
100 |a Bianchi Bandinelli, Ranuccio  |9 302985 
245 1 0 |a Roma: el fin del arte antiguo 
260 |a Madrid  |b Aguilar  |c 1971 
300 |a 461 páginas 
490 0 |a El Universo de las formas 
583 |a last modification  |c 19940927 00:00:00  |k Rodrigo Vera 
650 0 |a Arte romano  |9 267838 
650 0 |a Arquitectura romana   |v Diseños y planos   |9 329948 
942 |c BK  |2 ddc 
945 |d 19940927 00:00:00  |a oaravena 
952 |0 0  |1 0  |2 ddc  |4 0  |6 709_014000000000000_BIA_1971  |7 0  |8 F  |9 232744  |a BIBARQ  |b BIBARQ  |d 2019-11-15  |i 3020002  |o 709.014 BIA 1971  |p 3020002  |r 2025-01-20  |t 1  |w 2019-11-15  |y BK_F  |k ARQ